000 01154nam a22002177a 4500
999 _c62699
_d62699
003 Ge_BSU
005 20250124163330.0
008 250124s2024 ge ||||| |||| 00| 0 geo d
020 _a9789941993053
041 _ageo
080 _a338.22(479.22) ქ-16
100 _aქათამაძე, გიორგი
_93843
245 _aმცირე და საშუალო ბიზნესის ობიექტების კრიზისი და მისი პრევენცია პოსტ-პანდემიურ პერიოდში საქართველოში /
_cგიორგი ქათამაძე; რედ. ნათელა წიკლაშვილი.
264 _aთბილისი :
_bსამშობლი,
_c2024.
300 _a248 გვ.;
_b21 სმ.
500 _aყდაზე პარალ. სათ. ინგლ. ენაზე
504 _aბიბლიოგრ. გვ. 236-248
700 _aწიკლაშვილი, ნათელა
_eრედაქტორი
_96001
773 _tნაჩუქარი
942 _2udc
_cᲬᲘᲒᲜᲘ